000 00354nam a2200133Ia 4500
005 20260328101529.0
008 260328s9999||||xx |||||||||||||| ||und||
100 _aSerrazanetti, Francesca
245 0 _aLa Mano del Grafico.The hand of the GraphicDesigner /
_cFrancesca Serrazanetti
260 _bFai
300 _a244 p.
650 _aDIBUJO
942 _cBK
999 _c9912
_d9912